| 000 | 02993cam a2200649 i 4500 | ||
|---|---|---|---|
| 001 | xx004982926 | ||
| 003 | NUKAT | ||
| 005 | 20260430104422.0 | ||
| 008 | 201028s2020 pl a g |001 0 pol c | ||
| 020 |
_a9788380982888 _q(oprawa twarda) : _czł 40,00 |
||
| 035 | _a(OCoLC)1204354308 | ||
| 035 | _a(NUKAT)xx004982926 | ||
| 040 |
_aWR U/PAd _bpol _erda _cWR U/ap _dWR U/jm _dWR U/AWs _dWA 14/ABs _dOLSZT 008/bak |
||
| 041 | 0 |
_apol _beng |
|
| 045 | 2 |
_bd1944 _bd1956 |
|
| 046 | _k2020 | ||
| 100 | 1 |
_aRomanowska, Elżbieta _c(historia). _eAutor _940967 |
|
| 245 | 1 | 0 |
_a"Wkrótce już stanę przed innym sądem..." : _bprawnicy II Rzeczypospolitej represjonowani w Polsce w latach 1944-1956 / _cElżbieta Romanowska ; Instytut Pamięci Narodowej. Komisja Ścigania Zbrodni przeciwko Narodowi Polskiemu. |
| 246 | 3 | 0 | _aPrawnicy II Rzeczypospolitej represjonowani w Polsce w latach 1944-1956 |
| 260 |
_aWarszawa : _bInstytut Pamięci Narodowej. Komisja Ścigania Zbrodni przeciwko Narodowi Polskiemu, _c2020. |
||
| 300 |
_a382, [1] strona : _bilustracje ; _c25 cm. |
||
| 336 |
_aTekst _btxt _2rdacontent |
||
| 337 |
_aBez urządzenia pośredniczącego _bn _2rdamedia |
||
| 338 |
_aWolumin _bnc _2rdacarrier |
||
| 380 | _aKsiążki | ||
| 380 | _aPublikacje naukowe | ||
| 388 | 1 | _a2001- | |
| 490 | 1 |
_aMonografie ; _vt. 152 |
|
| 490 | 1 | _aCentralny Projekt Badawczy IPN Partia Komunistyczna w Systemie Władzy w Polsce 1944-1989 | |
| 504 | _aBibliografia na stronach 357-370. Indeks. | ||
| 546 | _aStreszczenie w języku angielskim. | ||
| 648 | 7 |
_a1901-2000 _2DBN _934996 |
|
| 648 | 7 |
_a1939-1945 _2DBN _936042 |
|
| 648 | 7 |
_a1945-1989 _2DBN _936043 |
|
| 650 | 7 |
_aOfiary prześladowań _2DBN _940037 |
|
| 650 | 7 |
_aPrawnicy i prawniczki _2DBN _940968 |
|
| 650 | 7 |
_aProces pokazowy _2DBN _940969 |
|
| 650 | 7 |
_aPrześladowania polityczne _2DBN _936911 |
|
| 650 | 7 |
_aStalinizm _2DBN _935085 |
|
| 650 | 7 |
_aPrawnicy _zPolska _y1945-. _2kaba _940970 |
|
| 650 | 7 |
_aRepresje polityczne _y1945-1990. _2kaba _940971 |
|
| 650 | 7 |
_aRepresje polityczne _zPolska _y1945-1970. _2kaba _940122 |
|
| 650 | 7 |
_aPrawnicy _xstatus prawny _zPolska. _2kaba _940972 |
|
| 650 | 7 |
_aPrawnicy _xdeontologia _zPolska. _2kaba _940973 |
|
| 650 | 7 |
_aWymiar sprawiedliwości _xaspekt polityczny _zPolska _y1945-1970. _2kaba _940974 |
|
| 650 | 7 |
_aWymiar sprawiedliwości _zPolska _y1945-1970. _2kaba _940975 |
|
| 650 | 7 |
_aSądy _zPolska _y1945-1970. _2kaba _940977 |
|
| 651 | 7 |
_aPolska _2DBN _935076 |
|
| 655 | 7 |
_aMonografia _2DBN _935240 |
|
| 658 | _aHistoria | ||
| 658 | _aPrawo i wymiar sprawiedliwości | ||
| 710 | 2 |
_aInstytut Pamięci Narodowej - Komisja Ścigania Zbrodni przeciwko Narodowi Polskiemu. _eInstytucja sprawcza _eWydawca _4pbl _911792 |
|
| 830 | 0 |
_aMonografie - Instytut Pamięci Narodowej - Komisja Ścigania Zbrodni przeciwko Narodowi Polskiemu _vt. 152 _911794 |
|
| 830 | 0 |
_aPartia Komunistyczna w Systemie Władzy w Polsce 1944-1989 _940966 |
|
| 920 | _a978-83-8098-288-8 (oprawa twarda) : zł 40,00 | ||
| 942 |
_2ddc _cBK_NM |
||
| 999 |
_c27892 _d27892 |
||